[Event "Junior Online 4NCL Division 5"]
[Site "online"]
[Date "2021.01.21"]
[Round "1.85"]
[White "Longia-Zaidi, Ismail"]
[Black "Yankov, Victor"]
[Result "1-0"]
[WhiteElo "1608"]
[BlackElo "985"]
[PlyCount "41"]
[EventDate "2021.01.21"]
[WhiteTeam "Desert Penguins Saturn"]
[BlackTeam "MCS Tenners B"]

1. d4 Nf6 2. c4 d5 3. cxd5 Qxd5 4. Nc3 Qd6 5. e4 Nc6 6. e5 Nxe5 7. dxe5 Qxe5+
8. Be2 e6 9. Nf3 Qh5 10. O-O Bd6 11. Qa4+ c6 12. Bf4 Bxf4 13. Qxf4 O-O 14. Ne5
g5 15. Qxf6 Rd8 16. Qxd8+ Kg7 17. Bxh5 f6 18. Qe7+ Kh6 19. Qxf6+ Kxh5 20. g4+
Kh4 21. Qh6# 1-0

[Event "Junior Online 4NCL Division 5"]
[Site "online"]
[Date "2021.01.21"]
[Round "1.86"]
[White "Parekh, Cole"]
[Black "Dane, Antony"]
[Result "0-1"]
[WhiteElo "937"]
[BlackElo "1382"]
[PlyCount "78"]
[EventDate "2021.01.21"]
[WhiteTeam "MCS Tenners B"]
[BlackTeam "Desert Penguins Saturn"]

1. e4 c5 2. Bc4 d6 3. Nf3 Nf6 4. O-O Nxe4 5. Bb5+ Bd7 6. Bxd7+ Qxd7 7. d3 Nf6
8. Nc3 g6 9. a4 Bg7 10. Ra3 Nc6 11. Re1 O-O 12. Be3 b6 13. Ne4 Nxe4 14. dxe4
Bxb2 15. Rc3 Bxc3 16. Bh6 Bg7 17. Bxg7 Kxg7 18. Nd2 Nd4 19. Nf3 Nxf3+ 20. gxf3
Qxa4 21. c4 Qxd1 22. Rxd1 a6 23. f4 b5 24. cxb5 axb5 25. f5 Rfb8 26. fxg6 hxg6
27. f3 b4 28. Rb1 b3 29. f4 b2 30. f5 Ra1 31. Rxa1 bxa1=Q+ 32. Kg2 Rb2+ 33. Kf3
Qf1+ 34. Ke3 Qe2+ 35. Kf4 Qf2+ 36. Kg5 f6+ 37. Kg4 g5 38. h4 Qg2+ 39. Kh5 Qf3#
0-1

[Event "Junior Online 4NCL Division 5"]
[Site "online"]
[Date "2021.01.21"]
[Round "1.87"]
[White "Bharat Kumar, Balahari"]
[Black "Large, Marcus"]
[Result "1-0"]
[WhiteElo "1217"]
[BlackElo "903"]
[PlyCount "111"]
[EventDate "2021.01.21"]
[WhiteTeam "Desert Penguins Saturn"]
[BlackTeam "MCS Tenners B"]

1. d4 g6 2. c4 Bg7 3. Nc3 e5 4. d5 d6 5. e4 Nf6 6. Nge2 Bd7 7. Ng3 O-O 8. Be2
c6 9. Be3 cxd5 10. exd5 Qc8 11. f3 Na6 12. a3 Bf5 13. Nxf5 Qxf5 14. Bd3 Qd7 15.
Qd2 Qe7 16. O-O Rfe8 17. Bg5 h6 18. Bxh6 Qf8 19. Bxg7 Qxg7 20. Rae1 Nb8 21. f4
Nbd7 22. f5 Rac8 23. fxg6 fxg6 24. Rf3 Kf7 25. Rg3 Rh8 26. Bxg6+ Kg8 27. Bf7+
Kxf7 28. Rxg7+ Kxg7 29. h3 Kg8 30. Ne4 Rf8 31. Nxf6+ Nxf6 32. Rf1 Ne4 33. Rxf8+
Kxf8 34. Qe2 Ng3 35. Qf3+ Kg8 36. Qxg3+ Kf8 37. Qf2+ Kg8 38. Qxa7 Rh7 39. Qb8+
Kg7 40. Qxb7+ Kg6 41. Qxh7+ Kxh7 42. b4 Kg7 43. b5 Kf7 44. b6 Ke8 45. b7 Kd8
46. b8=Q+ Ke7 47. a4 Kf6 48. a5 Kf5 49. a6 e4 50. Qf8+ Ke5 51. Qh8+ Kf5 52. a7
e3 53. a8=Q e2 54. Qae8 Kf4 55. Qf6+ Kg3 56. Qf2# 1-0

[Event "Junior Online 4NCL Division 5"]
[Site "online"]
[Date "2021.01.21"]
[Round "1.88"]
[White "King Bravo, Tomas"]
[Black "Mo, Alex"]
[Result "0-1"]
[WhiteElo "846"]
[BlackElo "1285"]
[PlyCount "54"]
[EventDate "2021.01.21"]
[WhiteTeam "MCS Tenners B"]
[BlackTeam "Desert Penguins Saturn"]

1. e4 c5 2. Nf3 d6 3. d4 cxd4 4. Nxd4 a6 5. Nb5 axb5 6. Qh5 Nf6 7. Bxb5+ Bd7 8.
Qg5 Bxb5 9. Qxb5+ Qd7 10. Qb6 Nc6 11. Be3 e6 12. Bg5 Be7 13. O-O O-O 14. Rd1
Rac8 15. Nc3 h6 16. Bh4 Qc7 17. Qb3 Rfd8 18. h3 Nh7 19. Bxe7 Qxe7 20. f3 Nf6
21. a3 Qd7 22. f4 d5 23. exd5 exd5 24. Nxd5 Nxd5 25. c4 Na5 26. Qg3 Nxc4 27. b3
Ncb6 0-1

[Event "Junior Online 4NCL Division 5"]
[Site "online"]
[Date "2021.01.21"]
[Round "1.91"]
[White "Gupta, Aarav G"]
[Black "Boopathy, Harsheth"]
[Result "1-0"]
[WhiteElo "1310"]
[BlackElo "954"]
[PlyCount "27"]
[EventDate "2021.01.21"]
[WhiteTeam "KCJS 3"]
[BlackTeam "Uxbridge Juniors Eagles"]

1. e4 d5 2. exd5 Qxd5 3. Nc3 Qd8 4. Bc4 e5 5. Nf3 Nf6 6. Ng5 h6 7. Nxf7 Qd4 8.
Nxh8 Qxc4 9. Qe2 Qg8 10. Qxe5+ Be6 11. Ng6 Nbd7 12. Qe2 Qh7 13. Qxe6+ Be7 14.
Qxe7# 1-0

[Event "Junior Online 4NCL Division 5"]
[Site "online"]
[Date "2021.01.21"]
[Round "1.92"]
[White "Motorwala, Muhammad"]
[Black "Blicharz, Maks"]
[Result "0-1"]
[WhiteElo "978"]
[BlackElo "1337"]
[PlyCount "40"]
[EventDate "2021.01.21"]
[WhiteTeam "Uxbridge Juniors Eagles"]
[BlackTeam "KCJS 3"]

1. e4 c5 2. Bc4 e6 3. Qh5 Nf6 4. Qd1 Nxe4 5. Qe2 Nf6 6. Nc3 d5 7. Bd3 c4 8. Bg6
hxg6 9. Nb5 a6 10. Na3 Bxa3 11. bxa3 Nc6 12. Nf3 Bd7 13. O-O Qe7 14. d4 Qd6 15.
Ne5 Nxd4 16. Qd2 Qxe5 17. f4 Qh5 18. Rd1 Qxh2+ 19. Kf2 Ng4+ 20. Ke1 Qg1# 0-1

[Event "Junior Online 4NCL Division 5"]
[Site "online"]
[Date "2021.01.21"]
[Round "1.93"]
[White "Buanne, Giulio"]
[Black "Jones, Theo"]
[Result "1-0"]
[WhiteElo "1351"]
[BlackElo "985"]
[PlyCount "61"]
[EventDate "2021.01.21"]
[WhiteTeam "KCJS 3"]
[BlackTeam "Uxbridge Juniors Eagles"]

1. e4 e6 2. d4 Nf6 3. e5 d6 4. exf6 Nc6 5. Nf3 Be7 6. fxg7 Kd7 7. gxh8=Q Qxh8
8. Be2 Nxd4 9. Nxd4 e5 10. Bg4+ Kd8 11. Nf5 f6 12. Nxe7 Kxe7 13. Bxc8 Kd8 14.
Bxb7 Rb8 15. Qd5 c6 16. Qxc6 Rxb7 17. Qxb7 Qe8 18. Be3 Qe6 19. Bxa7 Ke8 20.
Qb8+ Ke7 21. O-O d5 22. Bc5+ Kf7 23. Qf8+ Kg6 24. Nd2 Kg5 25. Qg7+ Kf4 26. Qh6+
Kf5 27. Qh3+ Kg5 28. Nf3+ Kf4 29. Qxe6 d4 30. Qxf6+ Ke4 31. Qxe5# 1-0

[Event "Junior Online 4NCL Division 5"]
[Site "online"]
[Date "2021.01.21"]
[Round "1.94"]
[White "Ravikumar, Kavin"]
[Black "Ali, Shahyan"]
[Result "0-1"]
[WhiteElo "700"]
[BlackElo "1335"]
[PlyCount "26"]
[EventDate "2021.01.21"]
[WhiteTeam "Uxbridge Juniors Eagles"]
[BlackTeam "KCJS 3"]

1. e4 e5 2. Bc4 Bc5 3. Qh5 Qf6 4. Nh3 d5 5. exd5 Bxh3 6. O-O Bd7 7. d3 Ne7 8.
d6 cxd6 9. Bg5 Qg6 10. Qg4 Bxg4 11. Re1 Qxg5 12. Re4 Bf3 13. h4 Qxg2# 0-1

[Event "Junior Online 4NCL Division 5"]
[Site "online"]
[Date "2021.01.21"]
[Round "1.95"]
[White "Boopathy, Harsheth"]
[Black "Gupta, Aarav G"]
[Result "0-1"]
[WhiteElo "954"]
[BlackElo "1310"]
[PlyCount "56"]
[EventDate "2021.01.21"]
[WhiteTeam "Uxbridge Juniors Eagles"]
[BlackTeam "KCJS 3"]

1. e4 e5 2. Nc3 Nf6 3. f3 Nc6 4. d3 h6 5. b3 Bb4 6. Qd2 O-O 7. Nge2 Nd4 8. Nxd4
exd4 9. Qd1 Bxc3+ 10. Bd2 Bxa1 11. Qxa1 c5 12. Qb2 Re8 13. Qa3 b6 14. Qa4 d5
15. Bg5 hxg5 16. h4 gxh4 17. Rxh4 Nh7 18. Rxh7 Kxh7 19. Qc6 Be6 20. g3 Rc8 21.
Qb7 Ra8 22. Kf2 Qc8 23. Qxc8 Raxc8 24. Kg1 c4 25. b4 cxd3 26. cxd3 Rc1 27. b5
Bh3 28. Kh2 Bxf1 0-1

[Event "Junior Online 4NCL Division 5"]
[Site "online"]
[Date "2021.01.21"]
[Round "1.96"]
[White "Blicharz, Maks"]
[Black "Motorwala, Muhammad"]
[Result "1-0"]
[WhiteElo "1337"]
[BlackElo "978"]
[PlyCount "57"]
[EventDate "2021.01.21"]
[WhiteTeam "KCJS 3"]
[BlackTeam "Uxbridge Juniors Eagles"]

1. e4 c5 2. Nf3 Nf6 3. Nc3 d6 4. d4 cxd4 5. Nxd4 Bg4 6. f3 Be6 7. Bg5 h6 8. Be3
Bd7 9. Bc4 e5 10. Ndb5 Nc6 11. Nxd6+ Ke7 12. Bc5 Qa5 13. Nxb7+ Ke8 14. Nxa5
Nxa5 15. Bxf8 Kxf8 16. Bb5 Bxb5 17. Nxb5 Nb7 18. Nd6 Nxd6 19. Qxd6+ Ke8 20.
Qxe5+ Kf8 21. Qd6+ Ke8 22. Qc6+ Nd7 23. Qxa8+ Ke7 24. Qxh8 Nc5 25. Qxg7 Ne6 26.
Qxh6 Nc7 27. Qg5+ Kf8 28. Rd1 Ke8 29. Rd8# 1-0

[Event "Junior Online 4NCL Division 5"]
[Site "online"]
[Date "2021.01.21"]
[Round "1.97"]
[White "Jones, Theo"]
[Black "Buanne, Giulio"]
[Result "0-1"]
[WhiteElo "985"]
[BlackElo "1351"]
[PlyCount "66"]
[EventDate "2021.01.21"]
[WhiteTeam "Uxbridge Juniors Eagles"]
[BlackTeam "KCJS 3"]

1. e3 c5 2. Nc3 d6 3. d3 a6 4. Nf3 e6 5. Be2 Nf6 6. Bd2 Be7 7. O-O b5 8. Kh1 b4
9. Rg1 bxc3 10. bxc3 O-O 11. Bc1 Nc6 12. Bb2 Rb8 13. Rc1 Rxb2 14. Bf1 Rxa2 15.
Ra1 Rxa1 16. Qxa1 Bb7 17. Qe1 Ne5 18. g3 Bxf3+ 19. Bg2 Bxg2+ 20. Kxg2 Qa8+ 21.
Kf1 Nf3 22. Qe2 Nxg1 23. Kxg1 a5 24. g4 a4 25. d4 a3 26. Qe1 a2 27. dxc5 a1=Q
28. Kf1 Q8a6+ 29. c4 Qxc4+ 30. Kg2 Qxe1 31. Kf3 Qee2+ 32. Kg2 Qe4+ 33. Kh3
Q2xg4# 0-1

[Event "Junior Online 4NCL Division 5"]
[Site "online"]
[Date "2021.01.21"]
[Round "1.98"]
[White "Ali, Shahyan"]
[Black "Ravikumar, Kavin"]
[Result "1-0"]
[WhiteElo "1335"]
[BlackElo "700"]
[PlyCount "31"]
[EventDate "2021.01.21"]
[WhiteTeam "KCJS 3"]
[BlackTeam "Uxbridge Juniors Eagles"]

1. e4 e5 2. Bc4 Qf6 3. Qf3 Qe7 4. Nc3 Na6 5. Nd5 Qe6 6. Bxa6 bxa6 7. Nxc7+ Kd8
8. Nxe6+ fxe6 9. d3 Bb4+ 10. Bd2 Rb8 11. Bxb4 Rxb4 12. Ne2 Rxb2 13. O-O Rxc2
14. Ng3 g6 15. Rac1 Rxa2 16. Qf8# 1-0

[Event "Junior Online 4NCL Division 5"]
[Site "online"]
[Date "2021.01.21"]
[Round "1.101"]
[White "Ali, Rayyan"]
[Black "Wieleba, Hugo"]
[Result "1-0"]
[WhiteElo "1000"]
[BlackElo "1384"]
[PlyCount "57"]
[EventDate "2021.01.21"]
[WhiteTeam "Wimbledon Juniors B"]
[BlackTeam "Wanstead Warriors 2"]

1. e4 e5 2. Nf3 Nc6 3. Bc4 Bc5 4. Ng5 Qxg5 5. d4 Qe7 6. dxc5 Qxc5 7. b3 Nf6 8.
Nc3 Qb4 9. Bd2 O-O 10. O-O d6 11. Nd5 Nxd5 12. Bxd5 Qd4 13. h3 Re8 14. Qf3 Be6
15. Bxe6 Rxe6 16. Rad1 Qb2 17. Qg3 Rg6 18. Qf3 Qxc2 19. Qf5 Re6 20. Be3 Qxa2
21. f4 g6 22. Qg4 Qxb3 23. Bd2 exf4 24. Qxf4 Qb6+ 25. Be3 Qb4 26. Qxf7+ Kh8 27.
Qxe6 Nd4 28. Bxd4+ Qxd4+ 29. Rxd4 1-0

[Event "Junior Online 4NCL Division 5"]
[Site "online"]
[Date "2021.01.21"]
[Round "1.102"]
[White "Ta, Duc"]
[Black "Tan, Adam"]
[Result "1-0"]
[WhiteElo "1351"]
[BlackElo "925"]
[PlyCount "25"]
[EventDate "2021.01.21"]
[WhiteTeam "Wanstead Warriors 2"]
[BlackTeam "Wimbledon Juniors B"]

1. e4 e5 2. Nf3 Nc6 3. Bc4 Nh6 4. d3 Bc5 5. c3 f6 6. O-O d6 7. d4 exd4 8. cxd4
Nxd4 9. Nxd4 Bxd4 10. Qxd4 Bg4 11. Bxh6 gxh6 12. Qd5 Rg8 13. Qf7# 1-0

[Event "Junior Online 4NCL Division 5"]
[Site "online"]
[Date "2021.01.21"]
[Round "1.103"]
[White "Kou, Edward"]
[Black "Wong, Joseph"]
[Result "1/2-1/2"]
[WhiteElo "925"]
[BlackElo "1299"]
[PlyCount "74"]
[EventDate "2021.01.21"]
[WhiteTeam "Wimbledon Juniors B"]
[BlackTeam "Wanstead Warriors 2"]

1. e4 d5 2. e5 Nc6 3. d4 Nh6 4. Nf3 Bg4 5. h3 Bxf3 6. Qxf3 e6 7. Bb5 Qd7 8.
Bxc6 Qxc6 9. Nc3 Bb4 10. Bxh6 gxh6 11. a3 Bxc3+ 12. bxc3 O-O-O 13. O-O Rhg8 14.
Qxf7 Qxc3 15. Rfc1 Qxd4 16. Qxe6+ Kb8 17. c3 Qd2 18. c4 Qg5 19. g3 c6 20. cxd5
cxd5 21. Rab1 a6 22. Rc5 Rge8 23. Qb6 Rd7 24. h4 Qxe5 25. Qa5 Rf8 26. Re1 Qb2
27. Rxd5 Qxf2+ 28. Kh1 Rxd5 29. Qxd5 Qxe1+ 30. Kh2 Rf2+ 31. Kh3 Qf1+ 32. Kg4
Qg2 33. Qd8+ Ka7 34. Qd4+ Ka8 35. Qd8+ Ka7 36. Qd4+ Kb8 37. Qd8+ Ka7 1/2-1/2

[Event "Junior Online 4NCL Division 5"]
[Site "online"]
[Date "2021.01.21"]
[Round "1.104"]
[White "Ali, Yusuf"]
[Black "Tinworth, Frederick"]
[Result "1-0"]
[WhiteElo "1197"]
[BlackElo "925"]
[PlyCount "129"]
[EventDate "2021.01.21"]
[WhiteTeam "Wanstead Warriors 2"]
[BlackTeam "Wimbledon Juniors B"]

1. d4 d5 2. Nf3 Nf6 3. g3 e6 4. Bg2 Bb4+ 5. c3 Bd6 6. Bg5 O-O 7. O-O h6 8. Bxf6
Qxf6 9. Nbd2 e5 10. dxe5 Bxe5 11. Nxe5 Qxe5 12. e3 d4 13. exd4 Qb5 14. b4 Qg5
15. Ne4 Qf5 16. a3 b5 17. Nf6+ Qxf6 18. Bxa8 c6 19. Qd3 Bf5 20. Qf3 Bh3 21.
Qxf6 gxf6 22. Rfe1 f5 23. d5 cxd5 24. Bxd5 Nd7 25. f4 Rc8 26. Bb7 Rxc3 27. Re8+
Kg7 28. Rd1 Nf6 29. Re7 Rxa3 30. Bd5 Ng4 31. Rxf7+ Kg6 32. Re7 Ne3 33. Bf7+ Kf6
34. Rxe3 Rxe3 35. Bd5 Re2 36. Rc1 Rg2+ 37. Bxg2 Bg4 38. Rc6+ Ke7 39. Rxh6 Be2
40. Rh7+ Kd6 41. Rxa7 Ke6 42. Bf1 Bf3 43. Bxb5 Kd6 44. Ra6+ Kd5 45. Bc6+ Kc4
46. b5 Kc5 47. Bxf3 Kxb5 48. Rf6 Kc5 49. h4 Kd4 50. h5 Ke3 51. h6 Kxf3 52. h7
Kxg3 53. h8=Q Kxf4 54. Ra6 Ke4 55. Qe8+ Kf4 56. Ra4+ Kg5 57. Qe7+ Kg6 58. Qe6+
Kg5 59. Ra5 Kf4 60. Qxf5+ Ke3 61. Ra4 Kd2 62. Qf3 Kc2 63. Ra2+ Kb1 64. Re2 Ka1
65. Qf1# 1-0

[Event "Junior Online 4NCL Division 5"]
[Site "online"]
[Date "2021.01.21"]
[Round "1.105"]
[White "Wieleba, Hugo"]
[Black "Ali, Rayyan"]
[Result "0-1"]
[WhiteElo "1384"]
[BlackElo "1000"]
[PlyCount "102"]
[EventDate "2021.01.21"]
[WhiteTeam "Wanstead Warriors 2"]
[BlackTeam "Wimbledon Juniors B"]

1. c4 Nc6 2. g3 e5 3. Bg2 d6 4. Nc3 Be6 5. Qb3 Nf6 6. Nf3 Na5 7. Qb5+ Nd7 8.
Qxa5 b6 9. Qb5 h6 10. O-O Be7 11. d3 O-O 12. Nd5 Bxd5 13. Qxd5 Nf6 14. Qb5 d5
15. Nxe5 dxc4 16. Bxa8 Qxa8 17. Qxc4 Bd6 18. Bf4 Nd5 19. Nd7 Rd8 20. Bxd6 cxd6
21. Nb8 Rxb8 22. e4 Nf6 23. Rfe1 Rc8 24. Qd4 Rd8 25. Re3 Ng4 26. Rf3 d5 27.
exd5 Rxd5 28. Qxg4 Qe8 29. Qf5 Rxf5 30. Rxf5 Qd7 31. Rf3 Qd5 32. Kg2 f6 33. Rc1
Qd7 34. Rc3 a5 35. a3 Qd4 36. Rf4 Qd5+ 37. f3 Qe5 38. Re4 Qg5 39. d4 Qd2+ 40.
Kh3 Qxb2 41. Rc8+ Kh7 42. d5 Qxa3 43. Rcc4 Qb3 44. Rcd4 a4 45. d6 a3 46. d7 a2
47. d8=Q a1=Q 48. Re8 Qf1+ 49. Kg4 Qfxf3+ 50. Kh4 Qxg3+ 51. Kh5 Qg5# 0-1

[Event "Junior Online 4NCL Division 5"]
[Site "online"]
[Date "2021.01.21"]
[Round "1.106"]
[White "Tan, Adam"]
[Black "Ta, Duc"]
[Result "0-1"]
[WhiteElo "925"]
[BlackElo "1351"]
[PlyCount "106"]
[EventDate "2021.01.21"]
[WhiteTeam "Wimbledon Juniors B"]
[BlackTeam "Wanstead Warriors 2"]

1. e4 e6 2. Nc3 d5 3. e5 Nc6 4. Nf3 Bd7 5. Bb5 a6 6. Bxc6 Bxc6 7. O-O Bc5 8. d4
Bb6 9. Bg5 Ne7 10. Bf4 O-O 11. Ng5 h6 12. Nh3 Ng6 13. Qg4 Bxd4 14. a4 Bxc3 15.
bxc3 d4 16. c4 Nxf4 17. Nxf4 b5 18. cxb5 axb5 19. axb5 Bxb5 20. Rxa8 Qxa8 21.
Ne2 Qa6 22. Nxd4 Bxf1 23. h4 Bb5 24. Nxb5 Qxb5 25. c4 Qb1+ 26. Kh2 Qf5 27. Qd1
Qxe5+ 28. g3 Qd6 29. Qa4 Qd2 30. Kg2 Rb8 31. Qa7 Qb2 32. Qxc7 Qb7+ 33. Qxb7
Rxb7 34. c5 Rc7 35. c6 Rxc6 36. f4 f6 37. g4 Rc4 38. f5 exf5 39. gxf5 Rxh4 40.
Kg3 Rh5 41. Kg4 Rg5+ 42. Kf4 h5 43. Ke4 h4 44. Kd5 h3 45. Ke6 h2 46. Ke7 h1=Q
47. Ke6 Qe1+ 48. Kd5 Rxf5+ 49. Kd4 Qh4+ 50. Ke3 Qg4 51. Kd3 Rf3+ 52. Ke2 Qg2+
53. Ke1 Rf1# 0-1

[Event "Junior Online 4NCL Division 5"]
[Site "online"]
[Date "2021.01.21"]
[Round "1.107"]
[White "Wong, Joseph"]
[Black "Kou, Edward"]
[Result "1-0"]
[WhiteElo "1299"]
[BlackElo "925"]
[PlyCount "24"]
[EventDate "2021.01.21"]
[WhiteTeam "Wanstead Warriors 2"]
[BlackTeam "Wimbledon Juniors B"]

1. e4 e5 2. Nf3 Nc6 3. d4 Bd6 4. d5 Nd4 5. Nxd4 exd4 6. Qxd4 b6 7. Qxg7 Bb4+ 8.
c3 Bc5 9. Qxh8 Qf6 10. Qxg8+ Ke7 11. Bg5 Qxg5 12. Qxg5+ f6 1-0

[Event "Junior Online 4NCL Division 5"]
[Site "online"]
[Date "2021.01.21"]
[Round "1.108"]
[White "Tinworth, Frederick"]
[Black "Ali, Yusuf"]
[Result "1-0"]
[WhiteElo "925"]
[BlackElo "1197"]
[PlyCount "111"]
[EventDate "2021.01.21"]
[WhiteTeam "Wimbledon Juniors B"]
[BlackTeam "Wanstead Warriors 2"]

1. d4 e6 2. e4 d5 3. exd5 Qxd5 4. Be2 Nf6 5. Nf3 Nc6 6. O-O e5 7. c4 Qd6 8. d5
Nb4 9. Nc3 c6 10. dxc6 Qxd1 11. Rxd1 Nc2 12. cxb7 Bxb7 13. Rb1 Bxf3 14. Bxf3
Rb8 15. Rd2 Bb4 16. Rxc2 Ba3 17. bxa3 Rxb1 18. Nxb1 O-O 19. Rd2 Rb8 20. Nc3 g6
21. Nd5 Nxd5 22. cxd5 a5 23. d6 Rd8 24. d7 Kf8 25. Bc6 Ke7 26. Rd5 Ke6 27. Bg5
f6 28. Bd2 h5 29. Bxa5 Rb8 30. h4 g5 31. d8=Q Rxd8 32. Rxd8 gxh4 33. Kh2 f5 34.
Kh3 f4 35. Kxh4 e4 36. Bxe4 f3 37. Bxf3 Ke7 38. Rb8 Kd7 39. Kxh5 Kd6 40. g4 Ke7
41. g5 Kf7 42. g6+ Kg7 43. Rb7+ Kg8 44. Bb4 Kh8 45. g7+ Kg8 46. Bc3 Kh7 47. Rb6
Kg8 48. Be1 Kh7 49. g8=Q+ Kxg8 50. a4 Kf7 51. a5 Ke7 52. a6 Kd7 53. Rh6 Kc8 54.
a7 Kc7 55. a8=Q Kd7 56. Qa7+ 1-0

[Event "Junior Online 4NCL Division 5"]
[Site "online"]
[Date "2021.01.21"]
[Round "1.111"]
[White "Cooper, Darci"]
[Black "Carter, Olvier"]
[Result "0-1"]
[WhiteElo "1375"]
[BlackElo "935"]
[PlyCount "28"]
[EventDate "2021.01.21"]
[WhiteTeam "SASCA Sharks"]
[BlackTeam "Surrey Kings 3"]

1. e4 e5 2. Bc4 Bc5 3. d3 Nc6 4. Be3 Bb4+ 5. c3 Bd6 6. Nh3 Qh4 7. O-O Nf6 8. g3
Qxh3 9. Qb3 Ng4 10. Bxf7+ Kd8 11. Bg5+ Be7 12. Bxe7+ Nxe7 13. Re1 Qxh2+ 14. Kf1
Qxf2# 0-1

[Event "Junior Online 4NCL Division 5"]
[Site "online"]
[Date "2021.01.21"]
[Round "1.112"]
[White "Fairrie, Ralph"]
[Black "Harper, Luke"]
[Result "0-1"]
[WhiteElo "916"]
[BlackElo "1166"]
[PlyCount "64"]
[EventDate "2021.01.21"]
[WhiteTeam "Surrey Kings 3"]
[BlackTeam "SASCA Sharks"]

1. e4 e5 2. Nf3 Nc6 3. Bc4 d6 4. d3 h6 5. Nc3 Nd4 6. Nxd4 exd4 7. Nd5 c6 8. Qf3
cxd5 9. Bxd5 Nf6 10. Bb3 Be7 11. g4 Bxg4 12. Qg2 O-O 13. f3 Qd7 14. h3 Bxf3 15.
Qxf3 Rfe8 16. Rg1 d5 17. Qg3 g6 18. exd5 Bd6+ 19. Kd1 Bxg3 20. Rxg3 Nh5 21. Rg1
Qe7 22. Bxh6 Kh7 23. Bd2 Ng7 24. a3 Nf5 25. Bb4 Ne3+ 26. Kd2 Qe5 27. Rae1 a5
28. Ba4 Qh2+ 29. Re2 Nf1+ 30. Rxf1 Qxe2+ 31. Kc1 Qxf1+ 32. Be1 Qxe1# 0-1

[Event "Junior Online 4NCL Division 5"]
[Site "online"]
[Date "2021.01.21"]
[Round "1.113"]
[White "Krajci, Patrik"]
[Black "O/^Sullivan, Jack"]
[Result "1/2-1/2"]
[WhiteElo "1170"]
[BlackElo "925"]
[PlyCount "100"]
[EventDate "2021.01.21"]
[WhiteTeam "SASCA Sharks"]
[BlackTeam "Surrey Kings 3"]

1. e4 e6 2. d4 d5 3. Nc3 dxe4 4. Nxe4 Nf6 5. Bd3 Qxd4 6. Nf3 Qd8 7. Bg5 Be7 8.
Ne5 Nxe4 9. Bxe4 Qxd1+ 10. Rxd1 Bxg5 11. Rd7 Bxd7 12. Bd3 O-O 13. O-O f6 14.
Nxd7 Nxd7 15. f4 Bh6 16. f5 Rfe8 17. fxe6 Rxe6 18. b4 Rd8 19. Bc4 Rde8 20. Bb3
Kf8 21. c4 Re1 22. Rxe1 Rxe1+ 23. Kf2 Be3+ 24. Kxe1 c5 25. b5 a6 26. a4 Ke7 27.
b6 Nxb6 28. a5 Nd7 29. g4 b6 30. axb6 Nxb6 31. g5 Bxg5 32. h4 Bxh4+ 33. Ke2 a5
34. Kd3 a4 35. Ba2 g5 36. Ke4 g4 37. Ke3 g3 38. Kf3 f5 39. Bb1 Nxc4 40. Bxf5
Nd2+ 41. Kg2 a3 42. Kh3 a2 43. Kxh4 a1=Q 44. Kxg3 Qe5+ 45. Kg4 h5+ 46. Kxh5
Qxf5+ 47. Kh6 Ne4 48. Kg7 Qf6+ 49. Kg8 Qf7+ 50. Kh8 Nf6 1/2-1/2

[Event "Junior Online 4NCL Division 5"]
[Site "online"]
[Date "2021.01.21"]
[Round "1.114"]
[White "Peverett, Kian"]
[Black "Dewis, Oliver"]
[Result "1-0"]
[WhiteElo "925"]
[BlackElo "903"]
[PlyCount "87"]
[EventDate "2021.01.21"]
[WhiteTeam "Surrey Kings 3"]
[BlackTeam "SASCA Sharks"]

1. e4 e5 2. Nf3 Nc6 3. d4 d5 4. exd5 Qxd5 5. dxe5 Bb4+ 6. c3 Qxd1+ 7. Kxd1 Be7
8. Bf4 Bg4 9. Be2 Bxf3 10. Bxf3 Rd8+ 11. Nd2 Bc5 12. Rf1 Nge7 13. Kc2 Ng6 14.
Bxc6+ Kf8 15. Bg5 f6 16. exf6 bxc6 17. Ne4 gxf6 18. Bxf6 Ke8 19. Nxc5 Rd5 20.
Rfe1+ Kf7 21. Bxh8 Nxh8 22. Ne4 Re5 23. Rad1 Ng6 24. Rd7+ Ke6 25. Nc5+ Kf6 26.
Rxe5 Nxe5 27. Rxc7 a5 28. Rxh7 Kg6 29. Ra7 Kf6 30. Nd7+ Ke6 31. Nxe5 Kxe5 32.
Rxa5+ Kd6 33. b4 Kc7 34. h4 Kb6 35. Rg5 Kc7 36. h5 Kd7 37. Re5 Kd6 38. Re1 c5
39. bxc5+ Kxc5 40. h6 Kb5 41. h7 Ka4 42. h8=Q Ka3 43. Qf8+ Kxa2 44. Qa8# 1-0

[Event "Junior Online 4NCL Division 5"]
[Site "online"]
[Date "2021.01.21"]
[Round "1.115"]
[White "Carter, Olvier"]
[Black "Cooper, Darci"]
[Result "0-1"]
[WhiteElo "935"]
[BlackElo "1375"]
[PlyCount "48"]
[EventDate "2021.01.21"]
[WhiteTeam "Surrey Kings 3"]
[BlackTeam "SASCA Sharks"]

1. e4 e5 2. Nf3 Bc5 3. Nxe5 Nf6 4. Qf3 d6 5. Ng4 Bxg4 6. Qf5 Bxf5 7. Bc4 Bxe4
8. d3 Bxg2 9. Rg1 Qe7+ 10. Be3 Bxe3 11. fxe3 Qxe3+ 12. Kd1 Qxg1+ 13. Kd2 Qf2+
14. Kc3 Qe1+ 15. Kb3 Bd5 16. Bxd5 Nxd5 17. a3 Qe6 18. Ka4 Nb6+ 19. Kb4 Na6+ 20.
Kc3 Qf6+ 21. Kb3 Nc5+ 22. Kb4 a5+ 23. Kb5 c6+ 24. Kxb6 Qd8# 0-1

[Event "Junior Online 4NCL Division 5"]
[Site "online"]
[Date "2021.01.21"]
[Round "1.116"]
[White "Harper, Luke"]
[Black "Fairrie, Ralph"]
[Result "1-0"]
[WhiteElo "1166"]
[BlackElo "916"]
[PlyCount "23"]
[EventDate "2021.01.21"]
[WhiteTeam "SASCA Sharks"]
[BlackTeam "Surrey Kings 3"]

1. d4 d6 2. c4 Nc6 3. Nc3 e6 4. Nf3 d5 5. e3 dxc4 6. Bxc4 e5 7. O-O Nf6 8. Nxe5
Ng4 9. Nxg4 Bxg4 10. Qxg4 h5 11. Qf3 Rh6 12. Qxf7# 1-0

[Event "Junior Online 4NCL Division 5"]
[Site "online"]
[Date "2021.01.21"]
[Round "1.117"]
[White "O/^Sullivan, Jack"]
[Black "Krajci, Patrik"]
[Result "1-0"]
[WhiteElo "925"]
[BlackElo "1170"]
[PlyCount "63"]
[EventDate "2021.01.21"]
[WhiteTeam "Surrey Kings 3"]
[BlackTeam "SASCA Sharks"]

1. d4 Nf6 2. c4 e6 3. Nf3 Bb4+ 4. Bd2 Bxd2+ 5. Qxd2 d5 6. Nc3 dxc4 7. e3 b6 8.
Bxc4 Bb7 9. Be2 O-O 10. O-O Nc6 11. Rfd1 Qe7 12. a3 Rfd8 13. Qc2 Rd7 14. b4 a6
15. Rac1 Rad8 16. Qb3 b5 17. Qc2 h6 18. h3 Rd6 19. Nd2 R6d7 20. Nb3 Rd6 21. Nc5
Bc8 22. Bf3 Na7 23. Bb7 Bd7 24. N3e4 Nxe4 25. Nxe4 Rb6 26. Qxc7 Rxb7 27. Qxb7
Nc8 28. Rc7 Nd6 29. Nxd6 Qxd6 30. Rdc1 Qd5 31. Qxd5 exd5 32. Ra7 1-0

[Event "Junior Online 4NCL Division 5"]
[Site "online"]
[Date "2021.01.21"]
[Round "1.118"]
[White "Dewis, Oliver"]
[Black "Peverett, Kian"]
[Result "1/2-1/2"]
[WhiteElo "903"]
[BlackElo "925"]
[PlyCount "110"]
[EventDate "2021.01.21"]
[WhiteTeam "SASCA Sharks"]
[BlackTeam "Surrey Kings 3"]

1. d4 d5 2. e4 dxe4 3. Nc3 Nf6 4. Bc4 Nc6 5. d5 Ne5 6. Be2 g6 7. f3 exf3 8.
Nxf3 Nxf3+ 9. Bxf3 Bg7 10. O-O O-O 11. Ne4 c6 12. Nxf6+ Bxf6 13. Bh6 Bxb2 14.
Rb1 Bg7 15. Bxg7 Kxg7 16. Qd4+ Kg8 17. Rbd1 Bf5 18. Be4 Bxe4 19. Qxe4 cxd5 20.
Rxd5 Qb6+ 21. Kh1 Rad8 22. h3 f5 23. Qc4 e6 24. Rdd1 h5 25. Rde1 Rde8 26. Re2
g5 27. Rfe1 Rf6 28. Qc3 Rh6 29. Qd2 Kg7 30. Qxg5+ Kh7 31. Qe3 Qxe3 32. Rxe3 f4
33. Rb3 b6 34. a4 Rd8 35. Rb4 f3 36. gxf3 Rg6 37. Rc4 Rd2 38. Rc7+ Kh6 39. Rxa7
Rgg2 40. Ra6 Rh2+ 41. Kg1 Rdg2+ 42. Kf1 Rf2+ 43. Kg1 Rhg2+ 44. Kh1 Rxc2 45.
Rxb6 Rh2+ 46. Kg1 Rcg2+ 47. Kf1 Ra2 48. Rbxe6+ Kg5 49. R6e5+ Kf4 50. R5e4+ Kxf3
51. R4e3+ Kf4 52. Re4+ Kf3 53. R4e3+ Kf4 54. Re4+ Kg3 55. R4e3+ Kf4 1/2-1/2

[Event "Junior Online 4NCL Division 5"]
[Site "online"]
[Date "2021.01.21"]
[Round "1.122"]
[White "Quillaud, Maxime"]
[Black "Syposz, Iza"]
[Result "1-0"]
[WhiteElo "1308"]
[BlackElo "1007"]
[PlyCount "25"]
[EventDate "2021.01.21"]
[WhiteTeam "Desert Penguins Jupiter"]
[BlackTeam "Cambridge Chess & Go C"]

1. d4 e5 2. dxe5 Bb4+ 3. Bd2 Bxd2+ 4. Qxd2 Ne7 5. Nc3 O-O 6. Nf3 Nbc6 7. e3 b6
8. Be2 d6 9. exd6 cxd6 10. Rd1 Ne5 11. Nxe5 dxe5 12. Qxd8 Rxd8 13. Rxd8# 1-0